Operating systems (Record no. 183907)

MARC details
000 -LEADER
fixed length control field 00442nam a2200181Ia 4500
005 - DATE AND TIME OF LATEST TRANSACTION
control field 20241219103716.0
008 - FIXED-LENGTH DATA ELEMENTS--GENERAL INFORMATION
fixed length control field 231217s9999 xx 000 0 und d
020 ## - INTERNATIONAL STANDARD BOOK NUMBER
International Standard Book Number 9780070591134
082 ## - DEWEY DECIMAL CLASSIFICATION NUMBER
Classification number 001.642 GOD;24
100 ## - MAIN ENTRY--PERSONAL NAME
Personal name Godbole, A S.
245 #0 - TITLE STATEMENT
Title Operating systems
250 ## - EDITION STATEMENT
Edition statement 2nd ed.
260 ## - PUBLICATION, DISTRIBUTION, ETC. (IMPRINT)
Date of publication, distribution, etc. 2005
Name of publisher, distributor, etc. TMH
Place of publication, distribution, etc. New Delhi
300 ## - PHYSICAL DESCRIPTION
Extent xxiii, 692
650 ## - SUBJECT ADDED ENTRY--TOPICAL TERM
Topical term or geographic name as entry element Operating
942 ## - ADDED ENTRY ELEMENTS (KOHA)
Koha item type Books
400 ## - SERIES STATEMENT/ADDED ENTRY--PERSONAL NAME [OBSOLETE, CAN/MARC], [LOCAL, USA]
Personal name Computer engineering series
Holdings
Date last seen Total Checkouts Full call number Accession number Old discount Uniform Resource Identifier Cost, replacement price Price effective from Category Lost status Damaged status Department Withdrawn status bill no. bill date Permanent Location Current Location Shelving location Entry date Vendor Cost, normal purchase price Grants Currency symbol Conversion rate Discount Discount type Date checked out
26/01/2024   001.642 GOD;24 55599 25 digital/contents/55603.pdf 236.25 26/01/2024 Books     Central Library   55345 18/03/2013 Central Library Central Library Central Library 20/08/2009 Book Paradise 315.00 EE RS 1 78.75 Rupees  
21/02/2025 1 001.642 GOD;25 55600 25 digital/contents/55603.pdf 236.25 26/01/2024 Books     Central Library   55345 18/03/2013 Central Library Central Library Central Library 20/08/2009 Book Paradise 315.00 EE RS 1 78.75 Rupees 06/02/2025
20/02/2025 1 001.642 GOD;26 55601 25 digital/contents/55603.pdf 236.25 26/01/2024 Books     Central Library   55345 18/03/2013 Central Library Central Library Central Library 20/08/2009 Book Paradise 315.00 EE RS 1 78.75 Rupees 06/02/2025
26/01/2024   001.642 GOD;27 55602 25 digital/contents/55603.pdf 236.25 26/01/2024 Books     Central Library   55345 18/03/2013 Central Library Central Library Central Library 20/08/2009 Book Paradise 315.00 EE RS 1 78.75 Rupees  
26/01/2024   001.642 GOD;28 55603 25 digital/contents/55603.pdf 236.25 26/01/2024 Books     Central Library   55345 18/03/2013 Central Library Central Library Central Library 20/08/2009 Book Paradise 315.00 EE RS 1 78.75 Rupees  
26/01/2024   001.642 GOD;29 57184 25 digital/contents/55603.pdf 236.25 26/01/2024 Books     Information Science   57252 29/07/2013 Central Library Central Library Information Science 04/12/2009 Book Paradise 315.00 IS RS 1 78.75 Rupees  

© For any Suggestions or Query, please contact the library staff @ librarian@pes.edu or Phone: +9180 2672 1983/ 2108.